000 01140nac a22003257a 4500
001 BR8007539
003 BR-BrBNA
005 20240105114844.0
008 230509b bl.|||m| |||| 00| 0 por d
040 _aBR-BrBNA
_bpor
_cBiblioteca Nacional de Agricultura
072 _aF01; E73
090 _a0430 BR8007539
100 1 _aSilva, J.B. da
100 1 _aPimentel, C.R.M.
100 1 _aOliveira, F.T.G. de
100 1 _aFreire, E.C.
110 1 _aCentro Nacional de Pesquisa do Algodao, Campina Grande, PB (Brasil)
_91702
245 1 _aRetornos dos investimentos em pesquisa feitos pela EMBRAPA: o caso do zoneamento varietal do algodao no nordeste [Brasil]
260 3 _aBrasilia, DF (Brasil):
_bEmpresa Brasileira de Pesquisa Agropecuaria. Depto. de Informacao e Documentacao,
_c1980.
300 _a22 p.
490 _aDocumentos - Centro Nacional de Pesquisa do Algodao (Brazil)
_vno. 2
_x
650 _aALGODAO
650 _aVARIEDADE
650 _aPLANTIO
650 _aPESQUISA
650 _aINVESTIMENTO
650 _aREGIAO NORDESTE
909 _a202312
_bLúcia Elande
_c55
_dLúcia Elande
942 _2AGRIS
_n0
_cMS
999 _c271687
_d271687